Les communes desservies par le tramway francilien - Statistiques

Statistiques générales
  • Ce quiz a été pris 22 fois
  • Le résultat moyen est 32 sur 77
Statistiques - réponses
Ligne(s) Réponse % Correct
T2, T3a, T3b, T9 Paris
86%
T1, T5, T8, T11 Saint Denis
86%
T1 Bobigny
76%
T6 Châtillon
67%
T2 Issy les Moulineaux
67%
T1 La Courneuve
67%
T2 Colombes
62%
T1, T11 Drancy
62%
T1 Gennevilliers
62%
T9 Ivry sur Seine
62%
T2 Puteaux
62%
T1 Asnières sur Seine
57%
T4 Bondy
57%
T2 Courbevoie
57%
T11 Stains
57%
T13 Versailles
57%
T7 Villejuif
57%
T4 Aulnay sous Bois
52%
T2, T6 Meudon sur Seine
52%
T5 Sarcelles
52%
T4 Sevran
52%
T2 Sèvres
52%
T2 Suresnes
52%
T7, T9 Thiais
52%
T6, T10 Clamart
48%
T10 Antony
48%
T8, T11 Epinay sur Seine
48%
T1 L'Ile Saint Denis
48%
T4 Livry-Gargan
48%
T7, T9 Orly
48%
T2 Saint Cloud
48%
T6 Vélizy-Villacoublay
48%
T1 Villeneuve la Garenne
48%
T2 Bezons
43%
T7 Chevilly-Larue
43%
T9 Choisy le Roi
43%
T4 Clichy sous Bois
43%
T2 La Garenne Colombes
43%
T12 Massy
43%
T4 Montfermeil
43%
T1 Noisy le Sec
43%
T4 Villemomble
43%
T8, T11 Villetaneuse
43%
T6 Viroflay
43%
T10 Châtenay-Malabry
38%
T12 Evry-Courcouronnes
38%
T7 L'Haÿ les Roses
38%
T7 Rungis
38%
T11 Dugny
33%
T11 Le Bourget
33%
T4 Le Raincy
33%
T4 Les Pavillons sous Bois
33%
T13 Saint Cyr l'Ecole
33%
T13 Saint Germain en Laye
33%
T7 Athis-Mons
29%
T12 Chilly-Mazarin
29%
T14 Crécy la Chapelle
29%
T12 Epinay sur Orge
29%
T14 Esbly
29%
T10 Le Plessis Robinson
29%
T13 Saint Nom la Bretèche
29%
T7, T9 Vitry sur Seine
29%
T6 Fontenay aux Roses
24%
T12 Grigny
24%
T14 Montry
24%
T7 Paray Vieille Poste
24%
T12 Ris-Orangis
24%
T13 Bailly
19%
T12 Champlan
19%
T12 Longjumeau
19%
T13 Mareil-Marly
19%
T13 Noisy le Roi
19%
T13 L'Etang la Ville
14%
T12 Morsang sur Orge
14%
T14 Saint Germain sur Morin
14%
T12 Viry-Châtillon
14%
T11 Montmagny
5%
Aucun quiz correspondant
Distribution des résultats
% des personnes avec chaque résultat
Percentile par nombre de réponses
Votre historique - résultats
Vous n’avez pas pris ce quiz